| 000 | 00937nam a2200289 i 4500 | ||
|---|---|---|---|
| 003 | EG-GICUC | ||
| 005 | 20260414112740.0 | ||
| 008 | 260414s1978 nyu |||fr|||| 00| 0 eng d | ||
| 040 |
_a EG-GICUC _beng _c EG-GICUC _d EG-GICUC _erda |
||
| 082 | 0 | 4 |
_221 _a343.3721 _bWE . L |
| 092 | 0 | 4 | _221 |
| 099 | _aLaw1 10 343.3721 WE . L 1978 | ||
| 100 | 1 |
_aWEINREB, LLOYD L. _eAuthor. |
|
| 245 | 1 | 0 |
_aLEADING CONSTITUTIONAL CASES ON CRIMINAL JUSTICE / _cEdited by LLOYD L. WEINREB |
| 264 | 1 |
_aNew York : _bThe Foundation Press, _c1978. |
|
| 300 |
_a858 page ; _c24 cm. _billustrations, |
||
| 336 |
_2rda content _atext |
||
| 337 |
_2rda media _aComputer |
||
| 338 |
_2rda carrier _aOnline Resource |
||
| 504 | _aBibliography: pages 200-250. | ||
| 546 | _aText in English | ||
| 650 | 1 |
_2qrmak _aCriminal law |
|
| 651 | 1 | _2qrmak | |
| 856 | 4 | 0 | _uhttps://fll.law.cu.edu.eg/fulltext/bks/B10-08993.pdf |
| 905 | _a161 | ||
| 942 |
_2ddc _cBK _e21 _n0 |
||
| 999 |
_c70834 _d70834 |
||